| 000 | 00871nam a22002537a 4500 | ||
|---|---|---|---|
| 003 | OSt | ||
| 005 | 20241002094748.0 | ||
| 008 | 240927b |||||||| |||| 00| 0 eng d | ||
| 020 | _a9780443069819 | ||
| 040 |
_aMMU _beng _cMMU _dMMU |
||
| 050 | _aRM171 . B583 2007 | ||
| 100 |
_aHillyer D. Christopher _91867 |
||
| 245 |
_aBlood banking and transfusion medicine : _bbasic principles & practice / _cChristopher D. Hillyer, Leslie E. Silberstein, Paul M. Ness, Kenneth C. Anderson , John D. Roback |
||
| 250 | _aSecond Edition | ||
| 260 |
_aPhiladelphia : _bElsevier, _c2007. |
||
| 300 |
_a 887 pages : _billustrations ; |
||
| 500 | _aIncludes index | ||
| 650 |
_aBlood Donation _91868 |
||
| 700 |
_aSilberstein E. Leslie, _91869 |
||
| 700 |
_a Ness M. Paul _91870 |
||
| 700 |
_aAnderson C. Kenneth _91871 |
||
| 700 |
_aRoback D. John _91872 |
||
| 942 |
_2lcc _cLOAN LOAN |
||
| 999 |
_c33061 _d33058 |
||